| 000 | 00493nam a22001697a 4500 | ||
|---|---|---|---|
| 999 |
_c26875 _d26875 |
||
| 003 | BDDh-ASL | ||
| 005 | 20231015030709.0 | ||
| 008 | 211020n ii ||||| |||| 00| 0 u d | ||
| 040 |
_aBDDh-ASL _cBDDh-ASL |
||
| 082 |
_a297.3 _bKHJ |
||
| 100 | 1 |
_94126 _aKhan, Syed Ahmad |
|
| 245 | 1 | 0 | _aJawab-I Ummahatul Mumineen : / جواب امہات المومنين |
| 260 |
_aAligarh : _bTejarati Press , |
||
| 300 |
_a36 p. : _c24 cm. |
||
| 650 | 0 |
_95142 _a Islamic Discourse |
|
| 942 |
_2ddc _cBK |
||